000 00546nam a22002057a 4500
003 UA-OsUOA
001 41968
007 ta
008 20081112b un ||||| |||| 00| 0 ukr d
090 _a94(477).152 (К)
_bС81
942 _cBR
040 _aUA-OsUOA
_bukr
_cUA-OsUOA
_dUA-OsUOA
245 _aСтоліття поселення українців в Канаді
955 _a4
041 _aukr
080 _a94(477).152 (К)
260 _c1991
650 7 _a9 Географія. Біографії. Історія
_2UDC
999 _c440470
_d440470